| 000 | 00759nam a2200229Ia 4500 | ||
|---|---|---|---|
| 003 | GCL | ||
| 005 | 20240530095212.0 | ||
| 008 | 140319s9999 xx 000 0 ara d | ||
| 020 | _a9775810922 | ||
| 040 |
_aGCL / _cGCL |
||
| 082 | 0 | 4 |
_a111.85 _bأ ف |
| 100 | 1 | _aاميرة حلمى مطر | |
| 245 | 1 | 0 |
_aفلسفة الجمال : _bأعلامها ومذاهبها / _cاميرة حلمى مطر |
| 260 |
_aالقاهرة : _bدار قباء للطباعة والنشر والتوزيع ، _c1998 |
||
| 300 |
_a288 ص: _bايض ؛ _c24 سم |
||
| 650 | 0 | 4 | _aالفلاسفة |
| 650 | 0 | 4 | _aعلم النفس الجمالى |
| 650 | 0 | 4 | _aالجمال - علم |
| 650 | 0 | 4 | _aالفن - فلسفة |
| 650 | 0 | 4 | _aفلسفة الجمال |
| 942 |
_2ddc _cBK |
||
| 999 |
_c4901 _d4901 |
||